000 00609nam a2200241Ia 4500
003 OSt
005 20221005124439.0
006 a|||||r|||| 00| 0
007 ta
008 221004b |||||||| |||| 00| 0 tam d
024 _a51461
037 _cTextual
040 _aCRL
_cCRL
_btam
041 _2tam
_atam
082 _aP31,J11, 31J3
100 _aDevaneyan
_9206931
245 0 _aMuthal thaimozhi allathu thamizhakka vilakkam
260 _c1953
300 _a344p.
_ccm.
650 _aLINGUISTICS
942 _hP31,J11, 31J3
_cTEXL
_2cc
999 _c1050517
_d1050517